Quizzes
Events
Quiz Creation
Community
Videos
Private Events
Remove Ads
Sign In
Join for FREE
Feedback
Dark Mode
Quiz Categories
Sports
Geography
Music
Movies
Television
Just For Fun
Miscellaneous
History
Literature
Language
Science
Gaming
Entertainment
Religion
Holiday
For Kids
Quiz Lab
Recent
Popular Today
Quiz Kudos Today
Editor Picks
Curator Picks
Quizzes by...
Day
Popularity
Type
Ratings
Length
Year
Community
Subscriptions
Recent Discussions
Orange Saloon
Badges
Playlists
Quests
Create
Leaderboards
Showdown
Live 5
Trivia Bingo
Activity
Puzzle Library
Sporcle Events
Private Events
Virtual Trivia
Globe League
Become a Host
Pub Owners
SporcleCon
Opinionation
Our Games
Videos
Blog
Mobile Apps
Partnerships
Remove Ads and Go Orange
Feedback
Entertainment
Celebrity
Famous
Musical
Broadway
Show
Quote
Comic Books
Anime
Superhero
DC Comics
Marvel
Cartoons
Animation
Entertainment
Celebrity
Famous
Musical
Broadway
Show
Quote
Comic Books
Anime
Superhero
DC Comics
Marvel
Cartoons
Animation
Random Quiz
Search Sporcle
×
Quiz Lab
Quiz Lab
Entertainment
Mansion
Type in answers that appear in a list
Type in answers that appear in a list
Classic
Best Score? Go Orange.
Haunted Mansion Knowledge Stats
Can you name the Haunted Mansion Knowledge?
By
ninja143
6m
14 Questions
570 Plays
570 Plays
570 Plays
Comments
Comments
Give Quiz Kudos
Give Quiz Kudos
-
- Ratings
hide this ad
Replay
Link that replays current quiz
Next Quiz
Link to next quiz in quiz playlist
You Got
0%
They Got
Avg Score
49%
Avg Friend Score
Upgrade to see
Score Distribution
Jump to the score distribution portion of the page
Score
0/14
Timer
06:00
0
Plays Today
Title Hint
% Correct
Who is the Greeter
Ghost Host
81.4%
What color is the Carriage (Herse) at Walt Disney World
Black
76.3%
Who is the Spooky gypsy
Madam Leota
66.8%
Where is the location of Mansion in Disneyland
New Orleans Square
62.7%
Where is the location of Mansion in Walt Disney World
Liberty Square
60.1%
What year was it opened in Disneyland (primary location)
1969
56.1%
Who is the Main character
Master Gracey
52.5%
Title Hint
% Correct
Who is the Prisoner Ghost
Gus
45.3%
Who is the Skeleton Ghost
Ezra
42.5%
Who is the Traveler Ghost
Phineas
41.1%
Who is the Secondary Character
Bride
37.1%
What are the ghosts preparing for in the Haunted Mansion?
Swinging Wake
36.2%
Who is the Movie Created Butler
Ramsley
31.5%
Where is a classic Hidden Mickey located in the Haunted Mansion at Walt Disney World
Banquet Table Setting
2.5%
Quiz Playlist
Details
Report
Send in Message
Add To Playlist
Classic:
Type in answers that appear in a list
Last Updated: Feb 16, 2017
Quiz Scoreboard
CHALLENGE
Sign Up to Join the Scoreboard
Show All
Scores
Hide
Comments
May contain spoilers
Recently Published
1-10 Letter E Words III
by El_Dandy
Language
2m
One Thing in Common: World Cities II
by knightlancer
Geography
7m
Popular People in 1961
by mucciniale
History
6m
More to Explore
Quiz From the Vault
Featured Blog Post
Where Did the Easter Bunny Come From?
hide this ad
You Might Also Like...
Tags
Haunted
Mansion
Today's Top Quizzes in Entertainment
Browse Entertainment
hide this ad
Top Contributed Quizzes in Entertainment
1
Kamen Rider Motifs
2
Dragon Ball Z: Goku's Fights in Order
3
Dragon Ball Z: Mega Character Search
4
One Piece Arcs By Order III
5
Survivor Winners Logic Quiz
6
Undead Unluck Minefield
7
Who Wants to Be a Millionaire: Anime Edition
8
Naruto Arcs in order
9
Demon Slayer 11-1
10
Criteria Quickie: Cartoon Taxonomy II
Explore More
Trending Topics
Harry Potter
Marvel
Anime
NBA
Disney
Crossword
Kpop
Pokémon
Country
NFL
WWE
Song
The Office
Puzzle
Soccer
hide this ad
More By:
ninja143
Quiz
Plays
Rating
Category
Featured
Created
Haunted Mansion Knowledge
570
2.75
Entertainment
May 30, 2011
Haunted Mansion Speal
201
2.20
Entertainment
May 27, 2011
Carousel Of Progress Theme Song
147
4.00
Entertainment
May 27, 2011
Grammar Mishaps
84
3.00
Literature
Aug 30, 2011
Go to Creator's Profile
Score Distribution
Quiz Creator Spotlight
ninja143
Follow
Send a Message
Quizzes Created
-
Created Quiz Play Count
-
More By This Creator
Popular Quizzes Today
1
Find the US States - No Outlines Minefield
2
Find the Countries of Europe - No Outlines Minefield
3
The Countries of the World
4
Popular People in 1961
5
1-10 Letter E Words III
6
Find the US States
7
One Thing in Common: World Cities II
8
US States
More Entertainment Quizzes
Famous Marks
Published
Trending Quizzes
Risky Map Clicking: Least Populous States A-Z
1-10 Letter F Words
1-10 Letter G Words
One Thing in Common: United Kingdom
Risky Map Clicking: Next State Alphabetically
Recently Updated
Leaping Animals
pecheneg
Reality TV Shows (A-Z)
bhenderson79
Rickey Henderson's Hall of Fame Teammates
pecheneg
Champions League XIs: Arsenal
pecheneg
Quick Pick: Celebrities in WWE's Hall of Fame
aduchscher
A-Z Keypad Blitz II
pecheneg
Multiple Oscar Actors
pecheneg
Mystery Phrase Blitz: Oscar 'Best Actors'
pecheneg
F. Scott Fitzgerald Novels
LTH
Pick 3 Villains
ddd62291
Trending Topics
Marvel
Harry Potter
Disney
Anime
Kpop
Crossword
NBA
Song
NFL
Pokémon
Soccer
WWE
Country
The Office
Puzzle
Your Account Isn't Verified!
In order to create a playlist on Sporcle, you need to verify the email address you used during registration. Go to your
Sporcle Settings
to finish the process.
Report this User
Report this user for behavior that violates our
Community Guidelines
.
Details:
Send Report
Go to the Sporcle.com Mobile Site →
Comments